| 000 | 00954cab a22002415a 4500 | ||
|---|---|---|---|
| 001 | L160007 | ||
| 008 | 150113e2016 xxk 000 0 eng d | ||
| 035 | _a(Sirsi) u160007 | ||
| 041 | 0 | _aeng | |
| 050 | _a635.977 | ||
| 100 | 1 | _aNicholson, R. | |
| 245 | 0 | 0 |
_aProtection matters _h[electronic resource] |
| 260 |
_aLondon _bRICS _c2016 |
||
| 490 |
_aRICS Building Surveying Journal _vJuly 2016 - August 2016, 22-23(2) |
||
| 520 | _aDiscusses how tho go about working on trees that are subject to preservation orders. | ||
| 650 | 2 | 4 | _aTREES |
| 650 | 2 | 4 | _aCONSERVATION AREAS |
| 650 | 2 | 4 | _aTREE PRESERVATION ORDER |
| 690 | _aENVIRONMENTAL AND LAND CONSULTANCY-ENVIRONMENTAL MANAGEMENT | ||
| 856 | 4 | 0 |
_uhttps://www.rics.org/Global/BSJ%20BCJ%20July%20August%202016.pdf _zView the article free of charge at www.rics.org... |
| 856 | 4 | 0 |
_uhttps://www.rics.org/Global/BSJ%20BCJ%20July%20August%202016.pdf _yAvailable free online via Issuu |
| 942 |
_n0 _2ddc |
||
| 999 |
_c85123 _d85123 |
||